Państwa zażywające najwięcej kokainy w Europie - Statystyki

Ogólne statystyki
  • Ten quiz został rozwiązany 25 razy
  • Średni wynik to 7 z 8
Statystyki odpowiedzi
Szacunkowa ilość
Kokainy przechwyconej
Przez władze w
poszczególnych krajach
w 2019r.(W kg.)
Państwo % Poprawnych
2,247 Polska
100%
43,836 Holandia
95%
65,247 Belgia
89%
15,761 Francja
89%
10,567 Portugalia
89%
8,244 Włochy
89%
2,201 Łotwa
63%
16,156 Rumunia
63%
Nie znaleziono quizów pasujących do podanych kryteriów
Rozkład punktacji
Procent ludzi z każdym wynikiem
Percentyl według liczby udzielonych odpowiedzi
Twoja historia wyników
Nie rozwiązałeś tego quizu